Georgia O´Keeffe (Record no. 8951)

MARC details
000 -CABECERA
campo de control de longitud fija 00841nam a2200241 a 4500
001 - NÚMERO DE CONTROL
campo de control BRL_138
005 - FECHA Y HORA DE LA ÚLTIMA TRANSACCIÓN
campo de control 20190320210614.0
008 - DATOS DE LONGITUD FIJA--INFORMACIÓN GENERAL
campo de control de longitud fija 850306s1985 u--a#####c---#000-0#eng-#
020 ## - NÚMERO INTERNACIONAL ESTÁNDAR DEL LIBRO
Número Internacional Estándar del Libro 0890131538
041 ## - CÓDIGO DE LENGUA
Código de lengua del texto/banda sonora o título independiente eng
044 ## - CÓDIGO DEL PAÍS DE LA ENTIDAD EDITORA/PRODUCTORA
Código MARC del país u
050 #4 - SIGNATURA TOPOGRÁFICA DE LA BIBLIOTECA DEL CONGRESO
Número de clasificación NC139.O4
Número de documento/Ítem .G46 1985
245 10 - MENCIÓN DE TÍTULO
Título Georgia O´Keeffe
Resto del título works on paper
Mención de responsabilidad, etc. introduction by David Turner ; essay by Barbara Haskell.
260 ## - PUBLICACIÓN, DISTRIBUCIÓN, ETC.
Lugar de publicación, distribución, etc. Estados Unidos
Nombre del editor, distribuidor, etc. Museum of Fine Arts
-- Museum of New Mexico
Fecha de publicación, distribución, etc. 1985
300 ## - DESCRIPCIÓN FÍSICA
Extensión ix, 102 p.
Otras características físicas il. (algunas a color)
Dimensiones 31 cm.
500 ## - NOTA GENERAL
Nota general Catálogo de la exposición del Museum of Fine Arts y el Museum of New Mexico, 14 septiembre - 17 noviembre, 1985
500 ## - NOTA GENERAL
Nota general Au183
600 14 - PUNTO DE ACCESO ADICIONAL DE MATERIA--NOMBRE DE PERSONA
Nombre de persona O´Keeffe, Georgia
Fechas asociadas al nombre 1887-1986
Subdivisión de forma Exposiciones
9 (RLIN) 23015
700 1# - PUNTO DE ACCESO ADICIONAL--NOMBRE DE PERSONA
Nombre de persona Turner, David
9 (RLIN) 23016
700 1# - PUNTO DE ACCESO ADICIONAL--NOMBRE DE PERSONA
Nombre de persona Haskell, Barbara
9 (RLIN) 23017
902 ## - CATALOGADOR
Iniciales GRL
942 ## - ELEMENTOS DE PUNTO DE ACCESO ADICIONAL (KOHA)
Fuente del sistema de clasificación o colocación Library of Congress Classification
Tipo de ítem Koha Libros
Holdings
Estado de retiro Estado de pérdida Estado dañado No para préstamo Localización permanente Ubicación/localización actual Fecha de adquisición Número de inventario Total de préstamos Signatura topográfica completa Código de barras Fecha visto por última vez Precio válido a partir de Tipo de ítem Koha
El ejemplar forma parte de la colección y puede ser consultado según las políticas vigentes.       Biblioteca Centro de Estudios Ruth D. Lechuga Biblioteca Centro de Estudios Ruth D. Lechuga 18/10/2012 Au183   NC139.O4 .G46 1985 (Au183) GRL00151 22/03/2019 22/03/2019 Libros